Представление документа в формате MARC21

Поле Инд. ПП Название Значение
Тип записи a
Библиографический уровень b
001 Контрольный номер RU/IS/BASE/324997047
005 Дата корректировки 20220715140353.4
008 Кодируемые данные 20100419
040 b Код языка каталог. rus
e Правила каталог. PSBO
041 0_ a Код языка текста rus
084 a Индекс другой классификации/Индекс ББК 83.3(2=411.2)5-1
100 1_ a Автор Трахтенберг Л. А.
q Полное имя Трахтенберг Лев Аркадьевич
245 10 a Заглавие Вопросы поэтики "Калязинской челобитной"
504 a Библиография Библиогр. ссылки. - Примеч.: с. 102 - 103
520 0_ a Аннотация В работе демонстрируется художественное своеобразие пародийной "Калязинской челобитной" на фоне древнерусской литературы и других пародий
650 04 a Основная рубрика история литературы
a Основная рубрика литературоведение
a Основная рубрика поэтика
a Основная рубрика филологические науки
653 0_ a Ключевые слова "Калязинская челобитная"
a Ключевые слова XVII век
a Ключевые слова древнерусская литература
a Ключевые слова ирония
a Ключевые слова литературные пародии
a Ключевые слова повествование
a Ключевые слова Россия
a Ключевые слова челобитные
773 08 t Заглавие источника Вестник Московского университета. Серия 9, Филология
d Дата издания источника 2009
g Прочая информация № 4. - С. 94 - 103
w Контрольный № источника RU/IS/BASE/321796379
901 t Тип документа b